Integrity: (Record no. 17421)

000 -LEADER
fixed length control field 00773nam a2200241 a 4500
001 - CONTROL NUMBER
control field :::00021366$&:&@@
003 - CONTROL NUMBER IDENTIFIER
control field OkBaRHE
005 - DATE AND TIME OF LATEST TRANSACTION
control field 20090408152313.0
008 - FIXED-LENGTH DATA ELEMENTS--GENERAL INFORMATION
fixed length control field s1992 j 000 0 eng u
020 ## - INTERNATIONAL STANDARD BOOK NUMBER
International Standard Book Number 0892212489
040 ## - CATALOGING SOURCE
Transcribing agency
100 1# - MAIN ENTRY--PERSONAL NAME
Personal name Dortch, Richard
245 10 - TITLE STATEMENT
Title Integrity:
Remainder of title how I lost it and my journey back
Statement of responsibility, etc From its former president, an inside look at the PTL crisis.
250 ## - EDITION STATEMENT
Edition statement Paperback Edition August 1993
260 ## - PUBLICATION, DISTRIBUTION, ETC. (IMPRINT)
Place of publication, distribution, etc Green Forest, AR
Name of publisher, distributor, etc New Leaf Press
Date of publication, distribution, etc c1992
300 ## - PHYSICAL DESCRIPTION
Extent 353 p
650 ## - SUBJECT ADDED ENTRY--TOPICAL TERM
Topical term or geographic name as entry element Bakker,Jim, 1940-
650 ## - SUBJECT ADDED ENTRY--TOPICAL TERM
Topical term or geographic name as entry element Dortch,Richard W
650 ## - SUBJECT ADDED ENTRY--TOPICAL TERM
Topical term or geographic name as entry element Integrity
650 ## - SUBJECT ADDED ENTRY--TOPICAL TERM
Topical term or geographic name as entry element PTL (Organization)
942 ## - ADDED ENTRY ELEMENTS (KOHA)
Source of classification or shelving scheme
Koha item type Books
Copies
Date last seen Lost status Shelving location Copy number Source of classification or shelving scheme Withdrawn status Permanent Location Not for loan Koha item type Barcode Date acquired Full call number Price effective from Damaged status
2010-04-14 General Stacks1  RHEMA Bible Training College Books213662010-04-14BX 8765.5 .D672010-04-14